000 00451nam a2200133 4500
008 250701b |||||||| |||| 00| 0 eng d
040 _aDE-2950
_cDE-2950
245 _a"Märkische Heide":
_bLieder aus dem Land Brandenburg/
_cWolf Rüdiger Ruthenberg
260 _aFrankfurt (Oder):
_bOderland Musikverlag,
_c1990
300 _a22 S.: Noten
500 _aEnth.: Widmung des Herausgebers für Wolfgang Pohl (OB)
653 _aLiederbuch
942 _2z
_cB
999 _c373839
_d373839